000 03414cam a22012254i 4500
003 PE-LiUPU
005 20250813185436.0
008 200103s2012 cl a r 000 0 spa d
020 _a9587620550
020 _a9789587620559
035 _a(Sirsi) a252786
040 _aPE-LiUPU
_bspa
_cPE-LiUPU
_erda
049 _aPRUA
082 0 4 _a362.1
_bI77
_223
100 1 _aIsaza Serrano, Alejandro Tadeo,
_eautor.
245 1 0 _aGarantía de la calidad en salud :
_bcómo organizar una empresa del sector salud /
_cAlejandro Tadeo Isaza Serrano.
264 1 _aBogotá :
_bEdiciones de la U,
_c2012.
300 _a303 páginas :
_bilustraciones ;
_c25 centímetros.
336 _atext
_2rdacontent
337 _aunmediated
_2rdamedia
338 _avolume
_2rdacarrier
490 0 _aAdministración en salud
505 0 _aEstándares de un sistema de garantía de calidad en salud -- Sistemas único de habilitación -- Auditoría para el mejoramiento de la calidad de la atención de salud -- Sistema único de acreditación (Sistema de gestión de calidad) -- Sistema de información para el mejoramiento de la calidad de la atención de salud -- Organización de una empresa del sector salud en el montaje de un sistema de garantía de calidad en salud -- Normas de control interno y calidad que deben cumplir la entidades del sector salud para organizar el sistema obligatorio de garantía de calidad en salud.
526 _aP202
526 _aP201
526 _aP163
526 _aP162
526 _aP161
526 _aP160
526 _aP148
526 _aP147
526 _aP146
526 _aP145
526 _aP144
526 _aP143
526 _aP142
526 _aP141
526 _aP140
526 _aP139
526 _aP138
526 _aP137
526 _aP136
526 _aP135
526 _aP134
526 _aP133
526 _aP129
526 _aP128
526 _aP127
526 _aP120
526 _aP119
526 _aP118
526 _aP116
526 _aP115
526 _aP114
526 _aP110
526 _aP109
526 _aP108
526 _aP104
526 _aP103
526 _aP102
526 _aP99
526 _aP98
526 _aP97
526 _aP96
526 _aP95
526 _aP93
526 _aP90
526 _aP89
526 _aP88
526 _aP83
526 _aP82
526 _aP62
526 _aP59
526 _aP58
526 _aP57
526 _aP51
526 _aP49
526 _aP48
526 _aP47
526 _aP29
526 _aP24
526 _aP20
526 _aP19
526 _aP17
526 _aP15
526 _aP14
526 _aP12
526 _aP10
526 _aP09
526 _aP08
526 _aP07
526 _aP06
526 _aP05
526 _aP04
526 _aP01
650 0 4 _aServicios de salud.
650 0 4 _aServicios de salud
_xLegislación
_zColombia.
650 0 4 _aAdministración de la calidad en salud
_vGuías.
910 _adbm
_bksl
_cksl
_d20200103
942 _2ddc
_cBOOK
994 _aC0
_bPEPRU
596 _a1
999 _a362.1 I77
_wDEWEY
_c32008
_i80883
_f2021-11-3
_g2
_lCCODEBUL1
_mBUL
_p45.00
_r0
_sY
_tBOOK
_u2020-1-3
_xSALUD
_zP22
_0COMPRA
_o.STAFF. Colección Ciencias de la Salud
_d32008
980 _81
_gALBERTO SANCHEZ Responsable de Automatización